[Event "Mitropa Cup 20st"]
[Site "Charleville Mezieres"]
[Date "2000.11.26"]
[Round "2"]
[White "Mantovani, Renzo"]
[Black "Pelletier, Yannick"]
[Result "1/2-1/2"]
[WhiteElo "2410"]
[BlackElo "2474"]
[Annotator "Pelletier,Y"]
[PlyCount "94"]
[EventDate "2000.11.25"]
[EventType "team-tourn"]
[EventRounds "9"]
[EventCountry "FRA"]
[SourceTitle "CBM 079 Extra"]
[Source "ChessBase"]
[SourceDate "2001.01.11"]
[SourceVersion "2"]
[SourceVersionDate "2001.01.25"]
[SourceQuality "1"]

1. Nf3 Nf6 2. c4 e6 3. g3 a6 4. Nc3 d5 5. cxd5 exd5 6. d4 Be7 (6... Bd6 7. Bg2
Nbd7 {und}) (6... Nc6 7. Bg2 Ne4 {sind Alternativen.}) 7. Bg2 O-O 8. O-O Bf5 $5
({üblicher ist} 8... c6 {, aber die Schwächung von b7 lässt sich nicht
ausnützen.}) 9. Ne5 (9. Bf4 Nbd7 10. Qb3 Nb6) (9. Qb3 Nc6 $1) 9... c6 10. Qb3
Ra7 11. Bf4 (11. Na4 a5 $1) 11... Nbd7 12. Rad1 Qb6 {Schwarz hat schon eine
bequeme Stellung erreicht.} 13. Nxd7 Nxd7 14. Qxb6 (14. Bxd5 $2 cxd5 15. Nxd5
Qe6 $17) 14... Nxb6 15. f3 {Der Vormarsch im Zentrum erscheint logisch, aber
Schwarz ist dagegen gut ausgerüstet und nimmt vorerst am DF Raum.} a5 $1 16.
Rf2 Rc8 17. Bf1 a4 18. e4 Be6 19. Be3 Ra5 ({Ein unnötiger Zug.} 19... Raa8 $142
) 20. Rc2 h5 21. Kf2 $6 {Da das Zentrum nicht geschlossen ist, sichert es dem
weissen König keinen ruhigen Hafen.} Raa8 22. Bd3 Rf8 $1 {[%csl Rf2][%cal
Yf7f5]} 23. h4 (23. Kg2 $142 Rad8 $15) 23... Rad8 $2 ({Dieser Vorbereitungszug
erweist sich als überflüssig, da Kg2 nützlicher ist als Rad8. Das sofortige} 
23... dxe4 24. fxe4 f5 25. e5 Nd5 26. Nxd5 (26. Bc4 f4) 26... Bxd5 {führte zu
eindeutigem Vorteil für Schwarz.}) 24. Kg2 (24. e5 f6 $15) 24... dxe4 25. fxe4
f5 $1 26. d5 $1 (26. e5 $6 Nd5 $17) (26. exf5 Bxf5 27. Bxf5 Rxf5 $17 {[%csl
Rd4]}) 26... fxe4 27. Bxb6 $2 $138 {'(+)'} ({Besser war} 27. dxe6 exd3 28. Rcd2
Nc4 29. Rxd3 Rxd3 ({ich wollte ursprüglich} 29... Nxb2 30. Rxd8 Rxd8 {ziehen,
aber} 31. Rd7 $1 {ist dann möglich.}) 30. Rxd3 Rf6 $1 31. Nxa4 Rxe6 {mit nur
leichtem Druckspiel für Schwarz.}) 27... exd3 28. Rxd3 Bxd5+ 29. Nxd5 (29. Kh2
Rf1 30. Nxd5 Rxd5 31. Rxd5 cxd5 $17) 29... Rxd5 30. Rxd5 cxd5 31. Rc7 Bf6 32.
Rxb7 Bxb2 (32... Rc8 33. Bc7 $1) 33. Bc5 Rc8 34. Rxb2 Rxc5 35. Kf3 Rc3+ $1 $138
36. Kf4 Rd3 37. Rb7 Kh7 38. Rd7 Kh6 $2 ({Gut war auch} 38... a3 {, da Schwarz
nach} 39. Kg5 $1 Rxg3+ 40. Kxh5 {den drohenden Patt (Rxg7!) mittels} Rd3 $1 {
erfolgreich abwehrt.} (40... Re3 {führt nach} 41. Rxd5 Re2 42. Ra5 Rxa2 43. Kg4
Ra1 44. Kg3 {nur zum Remis}) {Zum Beispiel:} 41. Kg4 (41. Ra7 Rd2 $1 {und} 42.
Rxa3 {scheitert an} Rg2 $1 43. Ra7 d4 {usw., da das Opfer auf g7 nicht mehr
Patt bedeutet!}) 41... Rd2 42. Kg3 {(sonst Rxa2, gefolgt von Ra1 und a2)} Kg6
43. Rd6+ Kf5 44. Rd7 g6 45. Rd6 d4 $1 46. Kf3 Ke5 $1 47. Rxg6 Rxa2 48. Rg5+ Kd6
$1 49. h5 (49. Ke4 Ra1 $19) 49... Ra1 50. Kg2 a2 51. Ra5 d3 $19) 39. a3 Rxa3 ({
Diese Ungenauigkeit führt sofort zum Remis, wobei ich den 41. Zug meines
Gegners übersah. Nach} 39... g6 {hätte sich Weiss noch richtig verteidigen
müssen:} 40. Rd8 Kg7 41. Rd7+ Kf6 42. Rd6+ Kf7 {Es sieht aus, wir haben eine
Stellung beiderseitiges Zugzwangs erreicht. Dies ist nicht so, denn Weiss
rettet sich!} 43. Rd7+ Ke6 44. Rg7 Rxa3 45. Rxg6+ Kd7 46. Rg5 Kc6 47. Rxh5 Ra1
48. Rh6+ (48. Rh8 a3 49. Ra8 a2 50. Kg5 d4 $19) 48... Kb5 (48... Kc5 49. Ra6 a3
50. h5 $11) 49. Rd6 $1 Rd1 50. Rd8 a3 51. Rb8+ (51. Ra8 $2 Rd4+ 52. Ke5 Ra4 53.
Rb8+ Kc4 54. Rb1 a2 55. Ra1 d4 $1 56. h5 Kb3 57. h6 d3 $19) 51... Kc4 52. Ra8
Kb3 53. Rb8+ Kc3 54. Rc8+ Kb2 55. Rb8+ Ka1 56. h5 a2 (56... Rb1 57. Rd8 $1) 57.
Rb5 $1 Rf1+ (57... d4 58. h6 $1) (57... Rb1 58. Rxd5 Kb2 59. Rd2+ Kb3 60. Rxa2
Kxa2 61. g4 Kb3 62. g5 $11) 58. Ke5 (58. Kg5 $2 d4 $1 $19) 58... Rb1 59. Rxd5
Kb2 60. Rd2+ Kb3 61. Rxa2 Kxa2 62. Kf6 $11 {Um das Remis zu erzielen, muss
Weiss zuerst den gegnerischen d-Bauern erobern. Dann kann er den Turm für den
a-Bauern opfern.}) 40. Rxd5 Rb3 41. Rd4 $1 (41. Ra5 $2 Rb4+ {xg4}) 41... a3 42.
Ra4 Kg6 43. g4 hxg4 44. Kxg4 Kf6 45. h5 Ke6 46. Ra7 Rd3 47. Kf4 Kd5 1/2-1/2

[Event "RUS-Cup02"]
[Site "Moscow"]
[Date "1998.??.??"]
[Round "2"]
[White "Obukhov, Alexander"]
[Black "Rustemov, Alexander"]
[Result "0-1"]
[WhiteElo "2430"]
[BlackElo "2575"]
[Annotator "Petursson,M"]
[PlyCount "48"]
[EventDate "1998.01.21"]
[EventType "swiss"]
[EventRounds "9"]
[EventCountry "RUS"]
[SourceTitle "CBM 063"]
[Source "ChessBase"]
[SourceDate "1998.03.26"]
[SourceVersion "1"]
[SourceVersionDate "1998.03.26"]
[SourceQuality "1"]

1. Nf3 d5 2. e3 Nf6 3. c4 e6 4. b3 c5 5. cxd5 exd5 6. Bb5+ Nc6 7. O-O Bd6 8. h3
O-O 9. Bb2 Re8 10. Bxc6 bxc6 11. Qc2 Ne4 12. Nc3 Re6 13. Kh1 Ng5 14. Nxg5 Qxg5
15. f4 Qh4 16. Rf3 Rg6 17. d3 Bg4 18. Rf2 d4 19. exd4 {[%tqu "En","Can you
find a winning move for Black here?","Sacrifiece to blast open his kingside!",
"Sacrifice your White squared bishop!","g4h3","",12,"c5d4","",0]} Bxh3 $1 (
19... cxd4 20. Ne4 Bxh3 $1 21. gxh3 Qxh3+ 22. Rh2 Qf3+ 23. Rg2 Bxf4 24. Bxd4
Qh3+ 25. Kg1 Bh2+ 26. Kf1 Rxg2 27. Qxg2 Qxd3+ $19) 20. gxh3 Qxh3+ 21. Rh2 Qf3+
22. Rg2 Bxf4 23. Re1 Qh5+ 24. Kg1 Qh2+ 0-1

[Event "EU-ch 12th"]
[Site "Aix les Bains"]
[Date "2011.03.28"]
[Round "7"]
[White "Pantsulaia, Levan"]
[Black "Polgar, Judit"]
[Result "0-1"]
[WhiteElo "2595"]
[BlackElo "2686"]
[Annotator "Polgar,J"]
[PlyCount "68"]
[EventDate "2011.03.22"]
[EventType "swiss"]
[EventRounds "11"]
[EventCountry "FRA"]
[SourceTitle "CBM 142 Extra"]
[Source "ChessBase"]
[SourceDate "2011.06.27"]
[SourceVersion "1"]
[SourceVersionDate "2011.06.27"]
[SourceQuality "1"]

{It was 10 years ago when I last played in the European championship in Ohrid,
Macedonia. On that occasion I tied for 3rd but the play-off did not go in my
favour so I could not reach a medal. I was looking forward to playing in Aix
les Bains the 12th European Championship, I had not been playing in classical
chess events since the Olympiad, so I was keen to play and challenge myself to
see what can I show in such a tense event where nearly 400 participants were
taking place. Obviously the main reason for most of the strong players is to
qualify for the World Cup which will be held in Khanty-Mansiysk next August.
There were a few players qualified from the previous European Championship,
but they were competing to get a medal. It was clear from the first moment
that to qualify one has to make at least plus 4 but for a sure spot plus 5 was
needed. After round 5 I was quite happy with my 3 wins and 2 draws. In round 6
I got a bad opening and sacrificed a knight to complicate things but it
backfired. In round 7 I played with Black against the Georgian young talent
Pantsulaia.} 1. c4 e6 2. Nf3 Nf6 3. g3 d5 4. Qc2 {I had the feeling that my
opponent's main idea was to surprise me in the opening, this is a premature
move for the queen.} c5 5. d4 cxd4 6. Nxd4 {I realised quickly that after my
next move there is only one difference between this position and the game I
played against Gelfand in Wijk aan Zee 2008, which I won in memorable style.
In that game the bishop was on g2 instead of the badly placed queen.} e5 7. Nb3
{After the game I found one other game with this position where White
continued with 7.Nf3:} (7. Nf3 d4 {was my plan to continue} (7... Nc6 {The
game between Takacs against Alekhine at the famous tournament Budapest 1927 is
also very tempting for Black.} 8. cxd5 Nxd5 9. a3 Be6 10. Bd2 Be7 11. Nc3 O-O {
with a better game for Black} 12. Bg2 Rc8 13. Rd1 Nd4 14. Qb1 Bf6 15. O-O Nxc3
16. bxc3 Nxe2+ 17. Kh1 Qc7 18. Qd3 Nxc3 19. Rc1 e4 {0-1 Takacs,S-Alekhine,A/
Kecskemet 1927}) 8. Nxe5 Qa5+) 7... Nc6 $17 {Here I realised that I am better
already which to tell you the truth I did not even dream of being the case
after move 7!} 8. Bg2 {Obviously it is very difficult to make a choice with
White when the position is worse already at a such an early stage.} Nb4 {
This was the right move to point out the drawback of the early queen move
which was made on move 4.} 9. Qd1 dxc4 {I did not really notice during the
game the difference between the immediate ...dxc4 and then ...Bf5 or the other
way around. As usual one is more precise as the other. Here the bishop move
was more forcing.} (9... Bf5 10. Na3 {and now 10...dxc4 11.Nd2 and transposing
to the game.}) 10. N3d2 Bf5 11. Na3 {Yes, this is the logical move but White
could have got chances to get away from the very bad position by sacrificing
the rook!} (11. O-O $1 {I was simply was not paying enough attention to the
fact that White can sac material for an initiative.} Nc2 {is not the best
because of the move I play mostly in move 1 with White: e4!} 12. e4 {suddenly
the passive bad position which White had few moves ago is gone and White is
turning the path of the game!} Nxa1 13. exf5 {and Black will not be able to
get the knight out of the corner. Black should react to castling with 11...Qc7
or 11...Rb8 with a nice game for Black.}) 11... b5 $1 {This move came to my
mind immediately and I loved it, so I did not hesitate too much and played it.}
12. Bxa8 {White kind of has to take it, if 12.0-0 I just defend the b5-pawn by
...Rb8 and beside the fact I have a pawn up I also have the initiative.} Qxa8
13. Nf3 {Logical continuation.} (13. O-O Bh3 {and Black has a huge advantage.})
13... Nd3+ $1 {It is hard to judge this move I could have played simply ...Qc6
or ...a6 and have a great advantage. On the other hand with this idea I can
stop White from castling and it is almost a mating attack, it looked so good
and tempting to me that I could not stop myself trying it out.} (13... Qc6 $1
14. O-O (14. Bd2 Bc5 15. O-O Bh3 16. Bxb4 Bxb4 17. Nc2 Bc5) 14... Bh3 15. Re1
Ng4) (13... a6 {this was Garry's suggestion after the game when we met him in
the park.}) 14. exd3 Bxd3 {This was my idea so I did not spend too much time
on ...Bg4 which was also interesting.} 15. Nxb5 {The only move to bring the
a3-knight into defence to c3.} Bb4+ 16. Nc3 O-O {This is the position I was
looking forward to when I sacrificed my knight. All my pieces are playing;
only the rook is missing but not for long. White has a rook up against only
one little pawn, but what an initiative for Black!} (16... Qe4+ {was too early:
} 17. Be3 {and I made him develop for no reason.}) 17. Rg1 {Again the only
continuation for White to get out from the pin.} (17. Be3 {would be
practically losing on the spot to} Be4 {with the following moves for example:}
18. O-O Bxf3 19. Qd2 Qc8 {and next ...Qh3 with mate on the next move.}) (17.
Bd2 Bxc3 18. bxc3 Qe4+ 19. Be3 Nd5) 17... Ne4 (17... Qe4+ {was still not good
to} 18. Be3 Nd5 {and now shows why Rg1 was important;} 19. Nd2 {and White
saves himself for sure.}) 18. Bd2 Rd8 {It is very difficult for White to get
out from this tight position, the continuation was a logical one though there
was an other option too:} ({Here I saw the following line} 18... Nxc3 19. Bxc3
Bxc3+ 20. bxc3 Qe4+ 21. Kd2 Qb7 22. Ke1 (22. Kc1 Rb8 23. Qd2 Qb1+ 24. Rxb1
Rxb1#) 22... Qe4+ {with only a draw, so I decided to continue and bring my
last piece into play - my rook!}) 19. Rc1 {White's plan is to play Be3 next
and if he had time for Nd2 afterwards then I would be in big trouble, but it
was my turn.} (19. Ng5 {my intention was during the game to play} Nxd2 20. Qxd2
{and} h6 21. Nh3 Bxc3 22. bxc3 Be4 23. Qe3 Bf3 24. Kf1 Bg4 {I had seen until
this point and I was happy!}) 19... Nxc3 20. bxc3 Ba3 {It is unbelievable how
strong the d3-bishop can be. It was interesting that in a later round I had
Black against Lupulescu and I got a similarly unpleasant situation with the
other side, but I made an incredible defence and won the game.} 21. Be3 {
White has to continue to rearrange his pieces.} (21. Ra1 {was not a good idea
due to} Bb2 {and I am not only interested in taking the rook on a1 but in
attacking the c3-pawn as well!}) 21... Bxc1 22. Bxc1 Rb8 $1 {I was very happy
with this move to force White to play Nd2 before playing Be3.} 23. Nd2 {
White has to stop the possibility for Black to play R to b1 and control the
1st rank.} Qd5 {Finally my poor queen got out with the threat ...Qa5 to put
pressure on the c3-pawn. ...Qc6 was also possible.} 24. Qa4 {Stopping Black
from ...Qa5 and attacking the pawn at the same time.} a5 {The main idea for
Black is to focus on not allowing White to untangle himself.} 25. Qd1 {White
had other opportunities like} (25. g4 {trying to get some air was also
possible, but in all cases I prefer to play it with Black}) (25. Qa3 {this is
also an idea to control the black squares and defend the c3-pawn} e4 {and I
really like blacks position}) (25. Nf1 {but then I would play} Qf3 26. Qd1 Qf6
{and with at least great compensation.}) 25... h6 {I kind of knew what was
going to happen on the next move, or I just hoped for it?} 26. Qf3 $2 {This
practically loses the game. White could have tried Nf1 or Qg4 but it is really
unpleasant to play such a position with White specially in time trouble as
well.} Rb1 $3 {After this move my opponent got very upset, he quickly realised
that his position going to fall apart.} 27. Kd1 (27. Qxd5 Rxc1#) (27. Qd1 Ra1 {
and the rook on a1 is killing already.} 28. a3 e4 $17) 27... e4 (27... Qd7 {
was also winning but I did not see after} 28. Qa8+ (28. Nxb1 Be4+ {would win
the queen}) 28... Kh7 29. Qxa5 {the move} Qf5 $1 $19 {which is winning on the
spot.}) 28. Qf4 Ra1 {White can't stop my queen from helping my rook and the
bishop in the attack and once they work together it will be hopeless for White.
} 29. Qb8+ $138 {White is already in timetrouble, but that is not the only
problem he has.} Kh7 30. g4 ({There was a beautiful line after} 30. Qb2 Rb1 $1
{and if} 31. Nxb1 Bc2+ $3 32. Kxc2 (32. Ke2 Qd3+ 33. Ke1 Qd1#) 32... Qd3# {mate
}) 30... Qd7 {It was interesting to notice that this was the only move in the
game where I went backwards!} 31. Qe5 e3 {The last touch.} (31... Qa4+ 32. Nb3
{here e3 still wins but taking the knight would allow White to give a
perpetual check by Qf5-Qc8.} cxb3 33. Qf5+ Kg8 34. Qc8+ $11) 32. fxe3 (32. Qxe3
{would not help either} Qa4+ 33. Nb3 Rxa2 {wins}) 32... Qa4+ 33. Ke1 Rxc1+ 34.
Kf2 Rxg1 {...and if White continues and takes the rook, then Qd1 wins a piece.
It was such a nice feeling to play this game, that I won my next 3 games and
made a draw in the last round. I won my first European Bronze Medal.} 0-1

[Event "Women-Veterans"]
[Site "Vienna"]
[Date "1993.??.??"]
[Round "?"]
[White "Olafsson, Fridrik"]
[Black "Polgar, Sofia"]
[Result "0-1"]
[WhiteElo "2485"]
[BlackElo "2415"]
[Annotator "Polgar,S"]
[PlyCount "96"]
[EventDate "1993.06.??"]
[EventType "schev"]
[EventRounds "6"]
[EventCountry "AUT"]
[SourceTitle "CBM 035"]
[Source "ChessBase"]
[SourceDate "1993.08.01"]
[SourceVersion "1"]
[SourceVersionDate "1993.08.01"]
[SourceQuality "1"]

1. c4 e6 2. g3 d5 3. Bg2 dxc4 4. Qa4+ Nd7 5. Qxc4 c5 6. Qb3 Rb8 7. d3 Bd6 8.
Nc3 b5 $5 (8... a6) 9. a4 c4 (9... bxa4 10. Qxa4 $16) (9... b4 10. Nb5 $16) 10.
dxc4 Nc5 11. Qd1 $6 (11. Qc2 bxc4 12. Be3 Qa5 $5 (12... Nb3 13. Rd1 $16)) 11...
bxc4 12. Nb5 (12. Bc6+ Ke7) 12... Rb6 13. Be3 Nb3 $1 14. Bxb6 Bb4+ 15. Nc3 Qxb6
16. Rb1 Nf6 17. Nf3 Ne4 18. O-O Bxc3 19. Qc2 $4 (19. bxc3 $1 $8 Nxc3 20. Qc2
Nxb1 21. Rxb1 Ba6 22. Nd2 O-O 23. Nxc4 Qd4 $10) 19... Nxf2 $1 20. e3 (20. Rxf2
Bb4 $1 {/\ Bc5-/+} (20... Nd4 $2 21. bxc3 Nxc2 22. Rxb6 axb6 23. Ne5 $1 $13))
20... Ng4 21. Qxc3 Nxe3 22. Kh1 (22. Qxg7 $4 Nf5+ $19) 22... O-O $1 (22... Nxf1
23. Qxg7 $13) 23. Rfe1 Nxg2 24. Kxg2 Bb7 $19 25. Rbd1 Rd8 26. Rxd8+ Qxd8 27.
Kg1 Qd5 28. Qe5 $138 Qd8 29. Qe3 h6 30. Rf1 Qd5 31. h4 f6 32. Kh2 e5 33. Qe2
Nd4 34. Nxd4 exd4 35. h5 Kh7 36. g4 d3 37. Qf2 Bc6 38. Qf5+ Qxf5 39. gxf5 Bxa4
40. Rf2 Bd1 41. Rd2 Bxh5 42. b3 Bf7 43. bxc4 Bxc4 44. Kg3 a5 45. Kf4 a4 46. Ke3
a3 47. Rd1 a2 48. Rg1 Bb5 0-1

[Event "Budapest FS07 GM"]
[Site "Budapest"]
[Date "2003.07.11"]
[Round "7"]
[White "Postny, Evgeny"]
[Black "Krapivin, Alexander"]
[Result "1-0"]
[WhiteElo "2499"]
[BlackElo "2339"]
[Annotator "Postny,E"]
[PlyCount "91"]
[EventDate "2003.07.05"]
[EventType "tourn"]
[EventRounds "11"]
[EventCountry "HUN"]
[EventCategory "7"]
[SourceTitle "CBM 095 Extra"]
[Source "ChessBase"]
[SourceDate "2003.09.04"]
[SourceVersion "1"]
[SourceVersionDate "2003.09.04"]
[SourceQuality "1"]

1. c4 e6 2. g3 d5 3. Bg2 c6 4. d4 {A little bit committing decision, because
of black's next move...} dxc4 {Now white have to spend several tempoes to get
back the pawn, or to continue in a gambit style.} 5. a4 (5. Nf3 {leads to D30
and more to the point.}) 5... c5 $5 $146 (5... e5 $1 {looks more promising for
black. See the commented game Chetverik,M-Lastin,A/Petroff mem 2000/CBM 76 
[Tsesarsky]}) 6. d5 (6. Nf3 {could lead to one of the theoretical variations
with the only difference, that white's pawn is on a4 instead of a2. The move
in the text is not dangerous for black as well.}) 6... exd5 7. Bxd5 ({More
precise was} 7. Qxd5 $142 Qxd5 8. Bxd5 Nf6 9. Bxc4 Be7 $11) 7... Be7 $1 8. Nc3
Nf6 9. Bxc4 Qxd1+ 10. Nxd1 Nc6 {Black can be definitely satisfied with the
results of the opening. White is slightly worse because of some weaknesses on
the queenside and fighting for the equality.} 11. Nf3 O-O 12. Bf4 Be6 13. Bxe6
fxe6 14. O-O $2 ({Necessary was} 14. Nc3) 14... Nd5 15. Bd2 Bf6 $6 ({Strong
and obvious was} 15... Nd4 $1 16. Nxd4 cxd4 {[%csl Rd1][%cal Ga8c8,Gf8c8,Gc8c2]
} 17. e4 Nf6 ({also good is} 17... Nb6) 18. f3 Rac8 19. Rc1 Rxc1 20. Bxc1 Rc8
21. Nf2 Nd7 $17) 16. Nc3 b6 $6 (16... c4 $1 $15) 17. Rab1 {[%cal Yc3e4]} Nxc3
18. Bxc3 $11 Rfd8 19. Rfd1 Kf7 20. Kf1 h6 21. e3 Ke7 22. Ke2 a6 {The beginning
of dubious plan, which gives white chances to seize the initiative.} (22...
Rxd1 23. Rxd1 Rd8 $11) 23. Rxd8 Rxd8 24. Nd2 b5 25. axb5 axb5 26. Ra1 {White's
rook is becoming active.} (26. Bxf6+ {gives nothing for white} gxf6 27. Rc1 c4
(27... Rd5 $5) (27... Na5 $5) 28. b3 $2 Na5 29. bxc4 Rxd2+ 30. Kxd2 Nb3+ 31.
Kc2 Nxc1 32. Kxc1 bxc4) 26... c4 27. Ne4 b4 28. Bxf6+ gxf6 29. Ra6 Rc8 30. Rb6
{[%cal Gb6b7]} Rc7 31. g4 $1 (31. Rb5 $2 f5) 31... Ne5 {Here my opponent
surprised me with a draw offer...} (31... f5 32. gxf5 exf5 33. Ng3 f4 $1 $14)
32. Rxb4 Nxg4 33. Nd2 Nxh2 $1 {From the first sight this capture looks like a
suicide move, however this is probably the best practical chance.} (33... Ne5
34. f4 $16) 34. f3 e5 35. Rxc4 $1 (35. Kf2 $2 Rd7 36. Nxc4 (36. Ne4 $2 f5)
36... Rd1) 35... Rxc4 36. Nxc4 e4 {The only way to liberate the knight.} 37.
fxe4 Ke6 38. Kf2 Ng4+ (38... f5 $2 39. Kg3 Nf1+ 40. Kg2 Nxe3+ 41. Nxe3 fxe4 42.
b4 $18) 39. Kg3 h5 (39... Ne5 $2 40. Nxe5 Kxe5 41. Kf3 $18) 40. b4 f5 41. exf5+
Kd5 $4 {A miscalculation caused by the time-trouble, which ends the game
immediatly.} ({After the obvious} 41... Kxf5 {black could hold the position,
for instanse:} 42. Kf3 (42. b5 Ke4 43. b6 Nf6 44. b7 Nd7 45. Kh4 Nb8 46. Kxh5
Kd3 47. Kg5 Kxc4 48. e4 Kc5 49. e5 Nc6 50. e6 Kd6 51. Kf6 Kc7 $11) 42... Nh2+
43. Kg2 Ng4 44. b5 Ke4 45. b6 Nf6 $11) 42. b5 $1 {The clearest way to win the
game. One of the white pawns f5 or b5 queens.} Nf6 43. b6 Ne4+ 44. Kh4 Nc5 45.
Kxh5 ({Even stronger was} 45. e4+) 45... Kxc4 (45... Nd7 46. b7 Kxc4 47. Kg6)
46. f6 1-0